<?xml version="1.0" encoding="UTF-8"?>
<record
    xmlns:xsi="http://www.w3.org/2001/XMLSchema-instance"
    xsi:schemaLocation="http://www.loc.gov/MARC21/slim http://www.loc.gov/standards/marcxml/schema/MARC21slim.xsd"
    xmlns="http://www.loc.gov/MARC21/slim">

  <leader>02255nam a22001937a 4500</leader>
  <controlfield tag="001">85865</controlfield>
  <controlfield tag="005">20260430120721.0</controlfield>
  <controlfield tag="008">260430s2025    sp ||||| |||| 00| 0 spa d</controlfield>
  <datafield tag="040" ind1=" " ind2=" ">
    <subfield code="a">M-RABA</subfield>
    <subfield code="b">spa</subfield>
    <subfield code="c">M-RABA</subfield>
  </datafield>
  <datafield tag="245" ind1="0" ind2="0">
    <subfield code="a">40 a&#xF1;os, 75 textos</subfield>
    <subfield code="b">: 1985-2025</subfield>
    <subfield code="c">/ AV</subfield>
  </datafield>
  <datafield tag="260" ind1=" " ind2=" ">
    <subfield code="a">Madrid</subfield>
    <subfield code="b">: Arquitectura Viva</subfield>
    <subfield code="c">, [2025]</subfield>
  </datafield>
  <datafield tag="300" ind1=" " ind2=" ">
    <subfield code="a">63 p. </subfield>
    <subfield code="b">: il. col.</subfield>
    <subfield code="c">; 30 cm</subfield>
  </datafield>
  <datafield tag="500" ind1="0" ind2="0">
    <subfield code="a">En contraport.: I&#xF1;aki &#xC1;balos &#xB7; Miguel Aguil&#xF3; &#xB7; Ricardo Aroca &#xB7; Joaqu&#xED;n B&#xE9;rchez &#xB7; I&#xF1;aki Bergera &#xB7; Francisco Burgos &#xB7; Alberto Campo Baeza &#xB7; Fernanda Canales &#xB7; Fran&#xE7;ois Chaslin &#xB7; David Chipperfield &#xB7; Francesco Dal Co &#xB7; Bego&#xF1;a D&#xED;az-Urgorri &#xB7; Estrella de Diego &#xB7; Gong  Dong &#xB7; Peter Eisenman &#xB7; Ana Esteban Maluenda &#xB7; Norman Foster &#xB7; Kenneth Frampton &#xB7; Luc&#xED;a Franco &#xB7; Jos&#xE9; Luis Garc&#xED;a Delgado &#xB7; Ignacio Garc&#xED;a Pedrosa &#xB7; &#xC1;ngela Garc&#xED;a de Paredes &#xB7; Ant&#xF3;n Garc&#xED;-Abril &#xB7; Adela Garc&#xED;a-Herrera &#xB7; Gin&#xE9;s Garrido &#xB7; Javier Gom&#xE1; &#xB7; Anna Heringer &#xB7; Juan Herreros &#xB7; Jacques Herzog &#xB7; Louisa Hutton &#xB7; Fulvio Irace &#xB7; Justo Isasi &#xB7; Andr&#xE9;s Jaque &#xB7; Carlos Jim&#xE9;nez &#xB7; Francis K&#xE9;r&#xE9; &#xB7; Kengo Kuma &#xB7; Rafael de La-Hoz &#xB7; Vittorio Magnano Lampugnani &#xB7; Jos&#xE9; Mar&#xED;a de Lapuerta &#xB7; Liane Lefaivre &#xB7; Lars Lerup &#xB7; Jos&#xE9; Ignacio Linazasoro &#xB7; Eduardo Mangada &#xB7; Francisco Mangado &#xB7; Sim&#xF3;n March&#xE1;n Fiz &#xB7; Giancarlo Mazzanti &#xB7; Joaqu&#xED;n Medina Warmburg &#xB7; Fernando Menis &#xB7; D&#xE9;bora Mesa &#xB7; Juan Mir&#xF3; Sard&#xE1; &#xB7; Rafael Moneo &#xB7; Juan Navarro Baldeweg &#xB7; Fuensanta Nieto &#xB7; Elena Ochoa &#xB7; Antonio Ortiz &#xB7; Marina Otero &#xB7; Ignacio Paricio &#xB7; Dominique Perrault &#xB7; Renzo Piano &#xB7; Alberto Pieltain &#xB7; Carme Pin&#xF3;s &#xB7; Manuel Pizarro &#xB7; Eduardo Prieto &#xB7; Julia Ram&#xED;rez-Blanco &#xB7; Thomas Reese &#xB7; Joan Roig &#xB7; Josean Ruiz Esqu&#xED;roz &#xB7; Jorge Sainz &#xB7; Jos&#xE9; Manuel S&#xE1;nchez Ron &#xB7; Matthias Sauerbruch &#xB7; &#xC1;lvaro Siza &#xB7; Enrique Sobejano &#xB7; Eduardo Souto de Moura &#xB7; Benedetta Tagliabue &#xB7; Emilio Tu&#xF1;&#xF3;n &#xB7; Alexander Tzonis &#xB7; Cristi&#xE1;n Undurraga &#xB7; Ferm&#xED;n V&#xE1;zquez &#xB7; Guillermo V&#xE1;zquez Consuegra &#xB7; Juan Villoro &#xB7; Sarah Whiting &#xB7; Dulce Xerach</subfield>
  </datafield>
  <datafield tag="650" ind1=" " ind2="0">
    <subfield code="a">Arte-</subfield>
    <subfield code="z">Espa&#xF1;a-</subfield>
    <subfield code="y">S. XX</subfield>
    <subfield code="9">83624</subfield>
  </datafield>
  <datafield tag="700" ind1="1" ind2=" ">
    <subfield code="a">Fern&#xE1;ndez Galiano, Luis A. (</subfield>
    <subfield code="d">1950-)</subfield>
    <subfield code="9">58037</subfield>
    <subfield code="e">director publicaci&#xF3;n</subfield>
  </datafield>
  <datafield tag="710" ind1=" " ind2=" ">
    <subfield code="a">Arquitectura Viva (Madrid)</subfield>
    <subfield code="9">109449</subfield>
  </datafield>
  <datafield tag="852" ind1=" " ind2=" ">
    <subfield code="j">F-16128</subfield>
  </datafield>
  <datafield tag="942" ind1=" " ind2=" ">
    <subfield code="c">FONDOMODER</subfield>
    <subfield code="n">0</subfield>
  </datafield>
  <datafield tag="952" ind1=" " ind2=" ">
    <subfield code="0">0</subfield>
    <subfield code="1">0</subfield>
    <subfield code="2">ddc</subfield>
    <subfield code="4">0</subfield>
    <subfield code="7">0</subfield>
    <subfield code="a">RABASF</subfield>
    <subfield code="b">RABASF</subfield>
    <subfield code="c">DP2</subfield>
    <subfield code="d">2026-04-30</subfield>
    <subfield code="i">47612</subfield>
    <subfield code="l">0</subfield>
    <subfield code="o">F-16128</subfield>
    <subfield code="p">1097179</subfield>
    <subfield code="r">2026-04-30 12:08:04</subfield>
    <subfield code="w">2026-04-30</subfield>
    <subfield code="y">FONDOMODER</subfield>
  </datafield>
  <datafield tag="999" ind1=" " ind2=" ">
    <subfield code="c">85865</subfield>
    <subfield code="d">85865</subfield>
  </datafield>
</record>
